|
|
|
|
| LEADER |
01813nam a2200505 a 4500 |
| 001 |
nkc20132439138 |
| 003 |
CZ PrNK |
| 005 |
20130311140613.0 |
| 007 |
ta |
| 008 |
130130s2012 xr e f 001 0 cze |
| 015 |
|
|
|a cnb002439138
|
| 020 |
|
|
|a 978-80-7464-230-2
|q (brož.)
|z 978-80-7464-206-7 :
|c Kč 140,00
|
| 035 |
|
|
|a (OCoLC)829662717
|
| 040 |
|
|
|a OLA001
|b cze
|
| 041 |
0 |
|
|a cze
|b eng
|
| 072 |
|
7 |
|a 373.2/.3
|x Předškolní a primární výchova a vzdělávání
|2 Konspekt
|9 22
|
| 080 |
|
|
|a 373.3
|2 MRF
|
| 080 |
|
|
|a 37.016
|2 MRF
|
| 080 |
|
|
|a 792:37.016
|2 MRF
|
| 080 |
|
|
|a 37.011/.012
|2 MRF
|
| 080 |
|
|
|a (035)
|2 MRF
|
| 100 |
1 |
|
|a Karaffa, Jan,
|d 1965-
|7 xx0008271
|4 aut
|
| 245 |
1 |
0 |
|a Dramatická výchova a Mikuláš ve škole /
|c Jan Karaffa
|
| 250 |
|
|
|a Vyd. 1.
|
| 260 |
|
|
|a Ostrava :
|b Ostravská univerzita v Ostravě, Pedagogická fakulta,
|c 2012
|
| 300 |
|
|
|a 140 s. ;
|c 24 cm
|
| 500 |
|
|
|a 200 výt.
|
| 504 |
|
|
|a Obsahuje bibliografii, bibliografické odkazy a rejstřík
|
| 546 |
|
|
|a Anglické resumé
|
| 650 |
0 |
7 |
|a základní školy
|7 ph116795
|2 czenas
|
| 650 |
0 |
7 |
|a dramatická výchova
|7 ph114357
|2 czenas
|
| 650 |
0 |
7 |
|a kurikulum
|7 ph115039
|2 czenas
|
| 650 |
0 |
7 |
|a pedagogická evaluace
|7 ph115701
|2 czenas
|
| 650 |
0 |
9 |
|a elementary schools
|2 eczenas
|
| 650 |
0 |
9 |
|a drama in education
|2 eczenas
|
| 650 |
0 |
9 |
|a curriculum
|2 eczenas
|
| 650 |
0 |
9 |
|a educational evaluation
|2 eczenas
|
| 655 |
|
7 |
|a příručky
|7 fd133209
|2 czenas
|
| 655 |
|
9 |
|a handbooks and manuals
|2 eczenas
|
| 910 |
2 |
|
|a BOA001
|b 2-1299.341
|
| 990 |
|
|
|a BK
|
| 995 |
|
|
|a 01
|
| 991 |
|
|
|b 201303
|c NOV
|e n
|
| 996 |
6 |
|
|b 2610538163
|c 2-1299.341
|l MZK
|r Sklad / do 1 hodiny
|n 4
|p p.v.
|w 001311780
|u 000010
|a 1
|e BOA001
|j MZK50
|s P
|
| 996 |
7 |
|
|b 2610541865
|c 2-1299.341
|l MZK
|r Sklad / do 1 hodiny
|n 15
|p kup
|w 001311780
|u 000020
|a 1
|e BOA001
|j MZK50
|s A
|